Financovanie kultúry v SR a Rakúsku so zameraním na múzeá a galérie diplomová práca

Enregistré dans:
Détails bibliographiques
Auteur principal: Hostačná, Zuzana
Collectivité auteur: Národohospodárska fakulta EU. Katedra financií
Autres auteurs: Beňová, Elena
Format: Livre
Langue:slovaque
Publié: Bratislava 2009
Tags: Ajouter un tag
Pas de tags, Soyez le premier à ajouter un tag!

MARC

LEADER 00000nam$a2200000$$$4500
001 0096619
005 20240318141304.4
041 0 |a slo 
044 |a SK 
245 1 0 |a Financovanie kultúry v SR a Rakúsku so zameraním na múzeá a galérie  |b diplomová práca  |c Zuzana Hostačná ; škol. Elena Beňová 
264 1 |a Bratislava  |c 2009 
300 |a 71 s. 
100 1 |a Hostačná, Zuzana 
700 1 |a Beňová, Elena 
710 2 |a Národohospodárska fakulta EU. Katedra financií